000 00710nam a2200205Ia 4500
005 20260121110029.0
008 008 260114s9999 xx 000 0 hin d
020 _a9788132359333
037 _aEBOOK
040 _aCRL
_bhin
_cCRL
041 _ahin
_2hin
084 _qCRL
100 _aचंद्रेश कुमार / Chandresh Kumar
_9941187
245 0 _aसरीसृप, मत्स्यवर्ग एवं पक्षीवर्ग / Sarisripu, Matsyavarg aur Pakshivarg
260 _bभाषा प्रकाशन / Bhasha Prakashan
_c2021
856 _uhttps://bhashaprakashan.com/product-details/382501
942 _cEBOOK
999 _c1532852
_d1532852